Missing Word: Top Gun Cast Quiz Stats

 Plays Quiz Updated Mar 1, 2018

Score 0/24 Timer 05:00
0 Plays Today
Hint Answer % Correct
Tom Cruise (Maverick)Impossible
99.4%
Tom Cruise (Maverick)Good
98.2%
Meg Ryan (Carole)Sally
96.3%
Meg Ryan (Carole)Sleepless
95.3%
Tom Cruise (Maverick)Jerry
95.1%
Meg Ryan (Carole)Mail
94.7%
Val Kilmer (Iceman)Bang
94.3%
Tom Skerritt (Viper)River
92.3%
Anthony Edwards (Goose)Nerds
79.4%
Val Kilmer (Iceman)Batman
78.7%
Meg Ryan (Carole)Angels
77.2%
Val Kilmer (Iceman)Déjà
75.5%
Hint Answer % Correct
Tom Skerritt (Viper)Maude
67.2%
Tom Cruise (Maverick)Tomorrow
65%
Kelly McGillis (Charlie)House
32%
Val Kilmer (Iceman)Egypt
30.6%
Anthony Edwards (Goose)College
25.3%
Tom Skerritt (Viper)Smoke
16.9%
Anthony Edwards (Goose)Miracle
12.8%
Anthony Edwards (Goose)Sure
11.7%
Kelly McGillis (Charlie)Land
7.5%
Kelly McGillis (Charlie)Ground
7%
Kelly McGillis (Charlie)Papi
5%
Tom Skerritt (Viper)Way
3.4%

Today's Daily Dose

Missing Word
Arizona A-Z

Word Ladder
Greek Letters II

Get the Picture
US National Parks

You're not logged in!

Compare scores with friends on all Sporcle quizzes.
OR
Log In

You Might Also Like...

Show Comments

Extras

Top Quizzes Today


Score Distribution

Your Account Isn't Verified!

In order to create a playlist on Sporcle, you need to verify the email address you used during registration. Go to your Sporcle Settings to finish the process.

Report this User

Report this user for behavior that violates our Community Guidelines.

Details: